Sports Quiz

Random Sports or Decade Quiz

MLB Most Wins by Decade Quiz Stats

 Plays Quiz Updated Jul 12, 2019

Score 0/14 Timer 05:00
2 Plays Today
Decade Pitcher % Correct
1910sWalter Johnson
90%
1990sGreg Maddux
79.8%
1950sWarren Spahn
41.3%
1900sChristy Mathewson
40.5%
1970sJim Palmer
39%
2000sAndy Pettitte
32.6%
1930sLefty Grove
30.3%
Decade Pitcher % Correct
1980sJack Morris
30.1%
1960sJuan Marichal
24.5%
1890sKid Nichols
12.4%
1940sHal Newhouser
12%
1880sTim Keefe
8.4%
1870sAl Spalding
5.6%
1920sBurleigh Grimes
4.5%

You're not logged in!

Compare scores with friends on all Sporcle quizzes.
OR
Log In

Sporcle TV

Today on Sporcle TV


Watch our educational content, quiz creation guides, and fun videos on Sporcle TV.

Show Comments

Extras

Top Quizzes Today


Score Distribution

Your Account Isn't Verified!

In order to create a playlist on Sporcle, you need to verify the email address you used during registration. Go to your Sporcle Settings to finish the process.

Report this User

Report this user for behavior that violates our Community Guidelines.

Details: